000 00796nam a2200229Ii 4500
003 JO-AjNU
008 230605s9999||||xx |||||||||||||| ||und||
017 _a2005/1/187
020 _a9957-452-11-8
040 _aJO-AjNU
_bara
_erda
_cJO-AjNU
041 _aara
050 1 4 _aHQ783 .A3676 2005
100 3 _aتأليف: عدنان، رانيا / م.مشارك: رشا بسام,
_eauthor
_921716
245 0 0 _aالتنشئة الاجتماعية
250 _aط1
264 3 1 _aعمان: دار البداية ناشرون وموزعون، 2005
300 _a259ص
_bيحتوي ببلوغرافية من ص 258-259ص
336 _atext
_btxt
_2rdacontent
337 _aunmediated
_bn
_2rdamedia
338 _avolume
_bnc
_2rdacarrier
650 4 _aالتنشئة الاجتماعية
_921717
999 _aA7591
_c11159
_d11159